000 00438nam a2200181Ia 4500
001 14436
005 20260306164914.0
008 260306t2008||||xx |||||||||||||| ||spa||
041 _aESP
082 _a515
_bG45 V. 2
100 _aGil Criado, Ángel
_eAUT
245 0 _aIntroducción al cálculo infinitesimal
260 _c2008
300 _a526 páginas :
_c24 cm.
650 _aGEN
654 _aCMA
942 _cLIB
_dJUS
_fJUS
_2ddc
_n
999 _c14436
_d14436